• 首页
  • 本馆介绍
  • 公告通知
  • 最新文献
  • 馆藏检索
  • 电子资源
  • 读者导购
  • 参考咨询
  • 我的图书馆
  • 登录
  • 详细信息显示
  • 放入我的书架
  • 预约/预借图书
  • 作者相关作品
  • 分类相关作品
  • 丛书相关作品
  • 出版社相关作品

书目信息

  • 表格格式
  • 工作单格式
  • 卡片格式
题名:
顾曰国语言学海外自选集:语用学与话语分析研究
    
 
作者: 顾曰国 著
分册:  
出版信息: 北京   外语教学与研究出版社  09.12(13.6重印)
页数: 392页
开本: 20cm
丛书名:
单 册:
中图分类: H319-53
科图分类:
主题词: 英语
电子资源:
ISBN: 7-5600-9243-8
000 00657nam0 2200193 450
001 2235428309
005 20220929095330.01
010    @a7-5600-9243-8@dCNY64.90
100    @a20220929d0912 km y0chiy0120 ea
101 0  @achi
102    @aCN@b110000
200 1  @a顾曰国语言学海外自选集:语用学与话语分析研究@AGu Yue Guo Yu Yan Xue Hai Wai Zi Xuan Ji:Yu Yong Xue Yu Hua Yu Fen Xi Yan Jiu@f顾曰国著@FGu Yue Guo Zhu
210    @a北京@c外语教学与研究出版社@d09.12(13.6重印)
215    @a392页@d20cm
606 0  @a英语
690    @aH319-53@v4
701  0 @a顾曰国@AGu Yue Guo@4著
801  0 @aCN@b大连网信软件有限公司图书馆·11@c20220929
905    @aZUCC@dH319-53@eW06
    
    顾曰国语言学海外自选集:语用学与话语分析研究/顾曰国著.-北京:外语教学与研究出版社,09.12(13.6重印)
    392页;20cm
    
    
    ISBN 7-5600-9243-8:CNY64.90
    
●
相关链接 在E读中查询图书 在五车中查询图书 在当当中查询图书 在豆瓣中查询图书


正题名:顾曰国语言学海外自选集:语用学与话语分析研究     索取号:H319-53/W06         预约/预借

序号 登录号 条形码 馆藏地/架位号 状态 备注
1 0712251   207122512   密集书库-文学院/ [索取号:H319-53/W06] 在馆    
唐山师范学院图书馆 欢迎您!
大连网信软件有限公司© 版权所有